EXCELLING IN ENGLISH (Record no. 216771)

MARC details
000 -LEADER
fixed length control field 00458nam a22001697a 4500
008 - FIXED-LENGTH DATA ELEMENTS--GENERAL INFORMATION
fixed length control field 260303b |||||||| |||| 00| 0 eng d
020 ## - INTERNATIONAL STANDARD BOOK NUMBER
International Standard Book Number 9789914552126
050 ## - LIBRARY OF CONGRESS CALL NUMBER
Classification number PE 1128.E93 2025
100 ## - MAIN ENTRY--PERSONAL NAME
Personal name MWANGI PHYLLIS
245 ## - TITLE STATEMENT
Title EXCELLING IN ENGLISH
260 ## - PUBLICATION, DISTRIBUTION, ETC.
Place of publication, distribution, etc. NAIROBI,KENYA
Name of publisher, distributor, etc. KENYA LITERATURE BEREAU
Date of publication, distribution, etc. 2025
300 ## - PHYSICAL DESCRIPTION
Extent V1,202P.
650 ## - SUBJECT ADDED ENTRY
Topical term or geographic name entry element ENGLISH LANGUAGE
700 ## - ADDED ENTRY--PERSONAL NAME
Personal name KIGURU GATITU,GECAGA CHARLES
942 ## - ADDED ENTRY ELEMENTS (KOHA)
Source of classification or shelving scheme Library of Congress Classification
Koha item type Long Loan Book
Holdings
Withdrawn status Lost status Source of classification or shelving scheme Damaged status Not for loan Collection Home library Current library Shelving location Date acquired Inventory number Total checkouts Full call number Barcode Date last seen Copy number Price effective from Koha item type
    Library of Congress Classification     Arts & Social Sciences Kisii University Library Kisii University Library On Display 03/03/2026 112353   PE 1128.E93 2025 V.10 000000017384 03/03/2026 C.1 03/03/2026 Long Loan Book
    Library of Congress Classification     Arts & Social Sciences Kisii University Library Kisii University Library On Display 03/03/2026 112354   PE 1128.E93 2025 V.10 000000012153 03/03/2026 C.2 03/03/2026 Long Loan Book
    Library of Congress Classification     Arts & Social Sciences Kisii University Library Kisii University Library On Display 03/03/2026 112355   PE 1128.E93 2025 V.10 000000021282 03/03/2026 C.3 03/03/2026 Long Loan Book
    Library of Congress Classification     Arts & Social Sciences Kisii University Library Kisii University Library On Display 03/03/2026 112356   PE 1128.E93 2025 V.10 000000021283 03/03/2026 C.4 03/03/2026 Long Loan Book
    Library of Congress Classification     Arts & Social Sciences Kisii University Library Kisii University Library On Display 03/03/2026 112357   PE 1128.E93 2025 V.10 000000021284 03/03/2026 C.5 03/03/2026 Long Loan Book